000 01191namaa22003011i 4500
003 EG-GICUC
005 20260407133007.0
008 260311s1995 ts a|||jr|||| 00| 0 ara d
017 _bالمكتبة الوطنية(الإمارات العربية المتحدة)
040 _aEG-GiCUC
_bara
_cEG-GiCUC
_dEG-GiCUC
_erda
082 0 4 _221
_a327.2
_bM9524
092 0 4 _221
_a327.2
_bM9524
099 _a327.2 M9524
100 1 _aمشعل، محمد شمس الدين عبده
_eمؤلف.
245 _aالمراسم وحصاد السنين /
_c اعداد محمد شمس الدين عبد مشعل
250 _aالطبعة الأولى
264 _aأبو ظبي( الإمارات العربية المتحدة)
_bمنشورات المجمع الثقافي
_c1995
300 _a612صفحة
_bإيضاحيات ؛
_c24 سم
336 _2rdacontent
_atext
337 _2rdamedia
_aUnmediated
338 _2rdacarrier
_avolume
504 _a593-591 ببليوجرافيا: صفحات.
541 _aد. جابر عصفور ؛
_bالقاهرة ؛
_cإهداء ؛
_d2024.
650 1 _aالدبلوماسية
_2qrmak
651 1 _2qrmak
905 _aSamah
942 _2ddc
_cBK
_e21
_n0
999 _c178982
_d178982